Tuberculosis guide for low income countries. (Record no. 2191)
[ view plain ]
| 000 -LEADER | |
|---|---|
| fixed length control field | 00495nam a2200145Ia 4500 |
| 008 - FIXED-LENGTH DATA ELEMENTS--GENERAL INFORMATION | |
| fixed length control field | 180412s9999||||xx |||||||||||||| ||und|| |
| 020 ## - INTERNATIONAL STANDARD BOOK NUMBER | |
| International Standard Book Number | 3891192983 |
| 040 ## - CATALOGING SOURCE | |
| Original cataloging agency | Ahmadu Bello University Library - Zaria |
| 100 ## - MAIN ENTRY--PERSONAL NAME | |
| Personal name | ENARSON, Donald A. |
| 245 #0 - TITLE STATEMENT | |
| Title | Tuberculosis guide for low income countries. |
| Statement of responsibility, etc. | Donald A. Enarson, Hans L. Rieder, Thuridur Arnadottir. |
| 250 ## - EDITION STATEMENT | |
| Edition statement | \\ |
| -- | 3rd ed. |
| 260 ## - PUBLICATION, DISTRIBUTION, ETC. | |
| Place of publication, distribution, etc. | Paris. |
| Name of publisher, distributor, etc. | IUATLD |
| Date of publication, distribution, etc. | 1994 |
| 300 ## - PHYSICAL DESCRIPTION | |
| Extent | vi, 65p.: ill. |
| 600 ## - SUBJECT ADDED ENTRY--PERSONAL NAME | |
| Personal name | Tuberculosis. |
| 700 ## - ADDED ENTRY--PERSONAL NAME | |
| Personal name | ARNADOTTIR, Thuridur.;RIEDER, Hans L. |
No items available.